| 000 | 00378nam a2200157Ia 4500 | ||
|---|---|---|---|
| 008 | 210716s2003 xx 000 0 und d | ||
| 020 | _a9780230555279 | ||
| 041 | _aeng | ||
| 082 | _a658.8342 DESJ | ||
| 100 | _aDesmond, John. | ||
| 245 | _aConsuming behaviour. | ||
| 250 | _a1 | ||
| 260 |
_aNew Delhi _bPalgrave _c2003 |
||
| 300 | _axviii,430 | ||
| 650 | _aConsumer Behavior | ||
| 999 |
_c205955 _d205955 |
||